Medagliere Tuffi ai Giochi Olimpici - Statistics

Statistiche generali
  • Questo quiz è stato fatto 26 volte
  • Il punteggio medio è 10 su 14
Statistiche sulle risposte
Medaglie complessive Medaglie d'Oro Medaglie d'Argento Medaglie di Bronzo Rappresentativa olimpica % Corretto
11 3 5 3 Italia
100%
81 47 24 10 Cina
96%
18 4 8 6 Russia
92%
141 49 46 46 Stati Uniti
92%
14 1 5 8 Canada
79%
22 2 8 12 Germania
79%
13 2 3 8 Gran Bretagna
79%
14 3 3 8 Australia
75%
15 1 7 7 Messico
58%
14 4 4 6 Unione Sovietica
58%
4 3 1 0 Squadra Unificata Tedesca
54%
3 0 2 1 Squadra Unificata
46%
21 6 8 7 Svezia
38%
7 2 2 3 Germania Est
33%
Nessun quiz corrispondente trovato
Distribuzione punteggi
Percentuale di utenti per punteggio
Percentile per numero di risposta
I tuoi punteggi nel tempo
Non hai fatto questo quiz